000 00523nam a2200145Ia 4500
008 220216s9999 xx 000 0 und d
100 _aJoseph T.[a]
245 0 _aCommercialisation of ancillary rubber products: Emerging trends in the natural rubber sector
260 _bNational Seminar on Forest Produce, 15-16 October 1993, Institute of Forest Genetics and Tree Breeding, Coimbatore, India.
_c1993
650 _aRubber honey
650 _aRubber seed
650 _aRubber wood
700 _aGeorge K.T.
942 _cBS
999 _c49837
_d49837